Rezeki Rustam

Bibliographic Details
Main Author: Zaidah Ibrahim
Format: Book
Published: Selangor : Anggun Pub , 2008
Series:Koleksi cetera serantau
Subjects:

MARC

LEADER 00000cam a2200000 7i4500
001 0000032911
005 20151222.0
008 120703
020 |a 9833566495 (Set) 
020 |a 9833566525 
090 0 0 |a JF   |b CT MAL 
100 0 |a Zaidah Ibrahim 
245 1 0 |a Rezeki Rustam   |c Zaidah Ibrahim 
260 |a Selangor :   |b Anggun Pub ,   |c 2008 
440 |a Koleksi cetera serantau 
500 |a Children ages 7-9 years old (orange) 
650 0 |a Folk literature, Malay 
999 |a 0001136513   |b Book   |c Children Collection   |e Cawangan Segamat 
999 |a 0001136515   |b Book   |c Children Collection   |e Perbadanan Perpustakaan Awam Johor 
999 |a 0001136516   |b Book   |c Children Collection   |e Cawangan Kota Tinggi 
999 |a 0001136517   |b Book   |c Children Collection   |e Perbadanan Perpustakaan Awam Johor